[Event "4NCL Division Three West"]
[Site "Daventry, ENG"]
[Date "2023.03.19"]
[Round "8.26"]
[White "Amato, Giampiero"]
[Black "Turner, Simon"]
[Result "1-0"]
[WhiteElo "1952"]
[BlackElo "1882"]
[PlyCount "70"]
[EventDate "2023.03.19"]
[WhiteTeam "CSC/Kingston 1"]
[BlackTeam "Warwickshire Select 2"]

1. c4 Nf6 2. g3 g6 3. Bg2 Bg7 4. Nc3 O-O 5. d3 d6 6. Bg5 h6 7. Bd2 e5 8. e4 c6
9. Nge2 Bg4 10. h3 Be6 11. O-O Qd7 12. Kh2 Na6 13. b3 Nh5 14. Qc1 Nc5 15. Bxh6
Nxd3 16. Qd2 Nc5 17. Rad1 Rad8 18. Bg5 Bf6 19. Be3 b6 20. f4 exf4 21. gxf4 Qc7
22. Kh1 Qc8 23. Rf3 Kg7 24. f5 gxf5 25. exf5 Bxf5 26. Bh6+ Kg8 27. Bxf8 Kxf8
28. Qh6+ Ke7 29. Qxh5 Be6 30. Re3 Rh8 31. Qf3 Be5 32. Rf1 f6 33. Rxe5 dxe5 34.
Qxf6+ Kd6 35. b4 Nd7 1-0

[Event "4NCL Division Three West"]
[Site "Daventry, ENG"]
[Date "2023.03.19"]
[Round "8.31"]
[White "Hamer, Martyn"]
[Black "Jeje, Ayodeji"]
[Result "1/2-1/2"]
[WhiteElo "2043"]
[BlackElo "2082"]
[PlyCount "59"]
[EventDate "2023.03.19"]
[WhiteTeam "Manchester Manticores"]
[BlackTeam "Chessable White Rose 3"]

1. d4 d5 2. Nc3 Nf6 3. Bf4 c5 4. e3 a6 5. dxc5 Nc6 6. Nf3 Bg4 7. Be2 e6 8. Na4
Bxc5 9. Nxc5 Qa5+ 10. c3 Qxc5 11. h3 Bh5 12. O-O O-O 13. Ne5 Bxe2 14. Qxe2 Nxe5
15. Bxe5 Nd7 16. Bg3 Nf6 17. Rfd1 Ne4 18. Bh2 Rfd8 19. Rd4 Nd6 20. Bxd6 Rxd6
21. Rad1 e5 22. R4d3 Rad8 23. Qd2 h6 24. b3 b5 25. e4 d4 26. cxd4 exd4 27. Rc1
Qe5 28. f3 f5 29. exf5 Qxf5 30. Kf1 1/2-1/2

[Event "4NCL Division Three West"]
[Site "Daventry, ENG"]
[Date "2023.03.19"]
[Round "8.32"]
[White "Burnett, Jim"]
[Black "Webster, Richard J"]
[Result "1-0"]
[WhiteElo "2042"]
[BlackElo "1923"]
[PlyCount "79"]
[EventDate "2023.03.19"]
[WhiteTeam "Chessable White Rose 3"]
[BlackTeam "Manchester Manticores"]

1. d4 Nf6 2. c4 g6 3. g3 Bg7 4. Bg2 d6 5. Nc3 O-O 6. Nf3 Nbd7 7. O-O e5 8. e4
Re8 9. d5 a5 10. h3 Nc5 11. Qc2 Bd7 12. Ne1 h6 13. Nd3 Nxd3 14. Qxd3 Qe7 15.
Bd2 b6 16. Kh2 Rf8 17. b3 Nh7 18. a3 f5 19. b4 f4 20. bxa5 bxa5 21. Rab1 g5 22.
g4 Rf6 23. f3 Nf8 24. Rb2 h5 25. Rh1 Rh6 26. Kg1 Ng6 27. Qb1 Rf8 28. Rb8 Nh4
29. Rxf8+ Bxf8 30. Kf2 Qd8 31. Qb7 Rh7 32. Qa6 Nxg2 33. Kxg2 hxg4 34. hxg4 Rxh1
35. Kxh1 a4 36. Kg2 Be7 37. Nxa4 Kf7 38. Nc3 Qh8 39. Be1 Qb8 40. Nb5 1-0

[Event "4NCL Division Three West"]
[Site "Daventry, ENG"]
[Date "2023.03.19"]
[Round "8.33"]
[White "Newton, Robert A"]
[Black "Edwards-Wright, Miles D"]
[Result "0-1"]
[WhiteElo "1935"]
[BlackElo "2051"]
[PlyCount "66"]
[EventDate "2023.03.19"]
[WhiteTeam "Manchester Manticores"]
[BlackTeam "Chessable White Rose 3"]

1. d4 g6 2. e4 Bg7 3. Nf3 d6 4. h3 Nd7 5. Be2 a6 6. a4 b6 7. c4 e5 8. d5 Ne7 9.
Nc3 O-O 10. Qc2 f5 11. g4 Nf6 12. exf5 gxf5 13. g5 Nd7 14. h4 Bb7 15. h5 c6 16.
h6 Bh8 17. Bd2 cxd5 18. cxd5 Rc8 19. Qb3 Nc5 20. Qa2 a5 21. Rd1 Na6 22. Bc1 Nb4
23. Qb3 Qe8 24. Bb5 Qd8 25. Rh3 Rc7 26. Nh4 f4 27. f3 Qc8 28. Rh2 Rc5 29. Bc6
Ba6 30. Ne4 Bc4 31. Nxc5 Bxb3 32. Nxb3 Nexc6 33. dxc6 Qxc6 0-1

[Event "4NCL Division Three West"]
[Site "Daventry, ENG"]
[Date "2023.03.19"]
[Round "8.34"]
[White "Slinger, Tony J"]
[Black "Potter, Steven"]
[Result "1/2-1/2"]
[WhiteElo "1924"]
[BlackElo "1880"]
[PlyCount "164"]
[EventDate "2023.03.19"]
[WhiteTeam "Chessable White Rose 3"]
[BlackTeam "Manchester Manticores"]

1. e4 e6 2. d3 b6 3. g3 Bb7 4. Bg2 Nc6 5. Nf3 g6 6. O-O Bg7 7. Re1 Nge7 8. c3
O-O 9. Nbd2 Rb8 10. Nf1 d6 11. h4 Ne5 12. d4 Nxf3+ 13. Bxf3 c5 14. Bg2 cxd4 15.
cxd4 d5 16. e5 Rc8 17. Be3 Qd7 18. Qd2 Ba6 19. Rec1 Nf5 20. Nh2 Rxc1+ 21. Rxc1
Rc8 22. Rxc8+ Qxc8 23. Nf3 Nxe3 24. Qxe3 Qc2 25. Qa3 Qd1+ 26. Kh2 Qe2 27. Kg1
Bf8 28. Qc3 Qc4 29. Qxc4 Bxc4 30. a3 a5 31. Nd2 Be7 32. Bf1 b5 33. Nxc4 bxc4
34. f3 c3 35. bxc3 Bxa3 36. Kf2 Bb2 37. Bb5 Bxc3 38. Ke3 Be1 39. g4 Bxh4 40. f4
Bd8 41. f5 gxf5 42. gxf5 Bb6 43. Bd7 exf5 44. Bc6 f4+ 45. Kxf4 Bxd4 46. Bxd5 a4
47. e6 fxe6 48. Bxe6+ Kg7 49. Kg4 Kf6 50. Ba2 Be3 51. Bg8 h6 52. Ba2 Ke5 53.
Bg8 Kd4 54. Kh3 a3 55. Kg3 Bg5 56. Kf3 h5 57. Kg3 Ke3 58. Bc4 h4+ 59. Kg2 Kd4
60. Ba2 Kc3 61. Bg8 Kb2 62. Kh2 Be3 63. Kh3 Bf2 64. Kg2 Be1 65. Kh3 Bg3 66. Kg2
a2 67. Bxa2 Kxa2 68. Kh3 Kb2 69. Kg2 Kc2 70. Kh3 Kd2 71. Kg2 Ke2 72. Kg1 Kf3
73. Kh1 Be1 74. Kh2 Kf2 75. Kh1 Kf3 76. Kg1 Kg3 77. Kh1 Kg4 78. Kg2 Bb4 79. Kh2
Kf3 80. Kh1 Kf2 81. Kh2 Bc5 82. Kh1 Kf3 1/2-1/2

[Event "4NCL Division Three West"]
[Site "Daventry, ENG"]
[Date "2023.03.19"]
[Round "8.35"]
[White "Pardoe, David"]
[Black "Key, Tom"]
[Result "1/2-1/2"]
[WhiteElo "1773"]
[BlackElo "1595"]
[PlyCount "76"]
[EventDate "2023.03.19"]
[WhiteTeam "Manchester Manticores"]
[BlackTeam "Chessable White Rose 3"]

1. d4 Nf6 2. c4 e6 3. Nc3 Bb4 4. Bf4 O-O 5. a3 Bxc3+ 6. bxc3 c5 7. e3 b6 8. Nf3
d6 9. Bd3 Bb7 10. Qc2 h6 11. Rd1 d5 12. dxc5 bxc5 13. Rb1 Qe7 14. Qb3 dxc4 15.
Bxc4 Bd5 16. Ne5 Nbd7 17. Nxd7 Qxd7 18. O-O Bxc4 19. Qxc4 Qd5 20. Qa6 Rfd8 21.
c4 Qd3 22. Rb7 Ne4 23. h3 Qe2 24. Rxa7 Rxa7 25. Qxa7 Nxf2 26. a4 Nxh3+ 27. gxh3
Rd2 28. Qa8+ Kh7 29. Qf3 Qxc4 30. Qg4 Qd3 31. Qf3 c4 32. e4 Ra2 33. Qxd3 cxd3
34. Bd6 f6 35. Rd1 Re2 36. Rxd3 Rxe4 37. Rb3 Rxa4 38. Kg2 f5 1/2-1/2

[Event "4NCL Division Three West"]
[Site "Daventry, ENG"]
[Date "2023.03.19"]
[Round "8.36"]
[White "Gillett, John"]
[Black "Wilson, Jeff"]
[Result "1-0"]
[WhiteElo "1600"]
[BlackElo "1451"]
[PlyCount "43"]
[EventDate "2023.03.19"]
[WhiteTeam "Chessable White Rose 3"]
[BlackTeam "Manchester Manticores"]

1. d4 Nf6 2. c4 e5 3. dxe5 Ng4 4. Nf3 Nc6 5. Bf4 Bb4+ 6. Nbd2 Qe7 7. e3 Ngxe5
8. Nxe5 Nxe5 9. Be2 a5 10. O-O d6 11. a3 Bc5 12. Qc2 f5 13. Rad1 g5 14. Bxe5
dxe5 15. Bh5+ Kf8 16. Be2 g4 17. Nb3 b6 18. Nxc5 bxc5 19. Rd2 Be6 20. Qc3 Qg7
21. Rfd1 e4 22. Rd8+ 1-0

[Event "4NCL Division Three West"]
[Site "Daventry, ENG"]
[Date "2023.03.19"]
[Round "8.41"]
[White "Ogunshola, Ben"]
[Black "Wilson, Edgar"]
[Result "1-0"]
[WhiteElo "2095"]
[BlackElo "2018"]
[PlyCount "135"]
[EventDate "2023.03.19"]
[WhiteTeam "Brown Jack"]
[BlackTeam "Oxford 2"]

1. c4 e6 2. Nf3 d5 3. g3 Nf6 4. Bg2 Be7 5. O-O O-O 6. b3 b6 7. Bb2 Bb7 8. e3 c5
9. Qe2 Nc6 10. d3 Qc7 11. Nc3 Rad8 12. Rfd1 Rfe8 13. Rac1 dxc4 14. bxc4 Bf8 15.
Ng5 Qe7 16. f4 g6 17. Nf3 Bg7 18. Ne5 Rc8 19. g4 Nd7 20. Nf3 Ba8 21. g5 f5 22.
gxf6 Nxf6 23. Ng5 h6 24. Nge4 Rcd8 25. Nxf6+ Qxf6 26. Rb1 Qf7 27. a3 Rd7 28.
Rf1 Ne7 29. Ne4 Red8 30. Rbd1 Nf5 31. Be5 Bb7 32. Rfe1 Kh7 33. Nf2 Bxe5 34.
fxe5 Bxg2 35. Kxg2 Nh4+ 36. Kg3 Nf5+ 37. Kh3 Qe7 38. Ne4 Qh4+ 39. Kg2 Kg7 40.
Nf6 Qg5+ 41. Kh1 Rf7 42. Rg1 Qxe3 43. Rxg6+ Kxg6 44. Rg1+ Qxg1+ 45. Kxg1 Kg7
46. Qe4 Rxf6 47. exf6+ Kxf6 48. Kf2 Rd6 49. Ke2 a5 50. Qa8 Ke7 51. Qh8 Kd7 52.
Kd2 Kc7 53. Qe8 Kb7 54. Kc3 Kc7 55. Qa8 Nd4 56. Qa7+ Kc6 57. Qb8 Kd7 58. Qb7+
Kd8 59. Kd2 Nf5 60. Ke2 Ke8 61. Qc7 Kf8 62. Kf3 Rxd3+ 63. Kf4 Rd6 64. Ke5 Kg8
65. Kf6 Kh8 66. Kg6 Nh4+ 67. Kf7 Nf5 68. Qb8+ 1-0

[Event "4NCL Division Three West"]
[Site "Daventry, ENG"]
[Date "2023.03.19"]
[Round "8.42"]
[White "Phan, Stefanus Kf"]
[Black "Richmond, Jane"]
[Result "0-1"]
[WhiteElo "2004"]
[BlackElo "2067"]
[PlyCount "106"]
[EventDate "2023.03.19"]
[WhiteTeam "Oxford 2"]
[BlackTeam "Brown Jack"]

1. c4 e5 2. g3 Nc6 3. Nc3 g6 4. Bg2 Bg7 5. e4 d6 6. Nge2 h5 7. h4 Be6 8. d3 Qd7
9. Nd5 Nd8 10. Rb1 c6 11. Ne3 f5 12. d4 Nf6 13. d5 Bg8 14. exf5 gxf5 15. O-O
Bh7 16. f4 Ng4 17. b4 a5 18. bxa5 Rxa5 19. Qb3 c5 20. Bd2 Ra6 21. Nxg4 fxg4 22.
fxe5 dxe5 23. Rbe1 Qa4 24. Nf4 Qxb3 25. axb3 Bc2 26. Bc3 Bxb3 27. Bxe5 Bxe5 28.
Rxe5+ Kd7 29. Nxh5 Bxc4 30. Rf4 Bd3 31. Nf6+ Kd6 32. Nxg4 c4 33. Re3 Ra1+ 34.
Kh2 b6 35. Ne5 Bc2 36. Kh3 Kc5 37. g4 Nb7 38. h5 Nd6 39. Re2 Ra2 40. Rff2 Ra3+
41. Kh4 Bd3 42. Nxd3+ Rxd3 43. Re6 b5 44. Rff6 Rd2 45. Rxd6 Rxg2 46. Rd7 b4 47.
Rc6+ Kd4 48. Rb6 b3 49. Rc7 b2 50. Rcb7 c3 51. d6 Rd8 52. Rc7 Kd3 53. d7 Rh8
0-1

[Event "4NCL Division Three West"]
[Site "Daventry, ENG"]
[Date "2023.03.19"]
[Round "8.43"]
[White "Headlong, Timothy"]
[Black "Blinov, Roman"]
[Result "1/2-1/2"]
[WhiteElo "2061"]
[BlackElo "1945"]
[PlyCount "43"]
[EventDate "2023.03.19"]
[WhiteTeam "Brown Jack"]
[BlackTeam "Oxford 2"]

1. Nf3 d5 2. c4 c6 3. d4 Nf6 4. Nc3 dxc4 5. a4 Bf5 6. e3 e6 7. Bxc4 Nbd7 8. O-O
Bb4 9. Qe2 Ne4 10. Nxe4 Bxe4 11. Rd1 O-O 12. Bd3 Nf6 13. Bd2 Qe7 14. Bxe4 Nxe4
15. Bxb4 Qxb4 16. Qc2 Nf6 17. Ne5 Rfd8 18. Nd3 Qe7 19. Qc5 Qxc5 20. Nxc5 Rab8
21. Rac1 Nd7 22. Nd3 1/2-1/2

[Event "4NCL Division Three West"]
[Site "Daventry, ENG"]
[Date "2023.03.19"]
[Round "8.45"]
[White "Girdlestone, Paul C"]
[Black "Terry, Sean"]
[Result "1-0"]
[WhiteElo "2036"]
[BlackElo "1937"]
[PlyCount "91"]
[EventDate "2023.03.19"]
[WhiteTeam "Brown Jack"]
[BlackTeam "Oxford 2"]

1. e4 c6 2. d4 d5 3. exd5 cxd5 4. c4 Nf6 5. Nc3 Nc6 6. Bg5 Be6 7. Rc1 Qa5 8.
Qd2 Rd8 9. Bxf6 gxf6 10. c5 b6 11. Bb5 Bd7 12. cxb6 axb6 13. Nxd5 Qxd2+ 14.
Kxd2 Bh6+ 15. f4 Nxd4 16. Bxd7+ Kxd7 17. Ne2 Nc6 18. Ke3 e5 19. Nxf6+ Kc7 20.
Rhd1 Kb7 21. Ke4 exf4 22. Nxf4 Bg5 23. Kf5 h6 24. N6d5 Rhe8 25. Re1 Nd4+ 26.
Kg4 f5+ 27. Kh5 Ne2 28. Rc7+ Kb8 29. Rxe2 Rxe2 30. Nxe2 Rxd5 31. Rf7 Rd2 32. h4
Be3 33. Ng3 f4 34. Nf5 Rxg2 35. Nxe3 fxe3 36. Re7 e2 37. Kxh6 Kc8 38. h5 Kd8
39. Re3 Kd7 40. a4 e1=Q 41. Rxe1 Rxb2 42. Rg1 Rb4 43. Kg7 Rxa4 44. h6 Kc6 45.
h7 Rh4 46. Rg6+ 1-0

[Event "4NCL Division Three West"]
[Site "Daventry, ENG"]
[Date "2023.03.19"]
[Round "8.46"]
[White "Hariharan, Shambavi"]
[Black "Headlong, Georgia"]
[Result "1/2-1/2"]
[WhiteElo "1760"]
[BlackElo "1706"]
[PlyCount "205"]
[EventDate "2023.03.19"]
[WhiteTeam "Oxford 2"]
[BlackTeam "Brown Jack"]

1. d4 Nf6 2. c4 e6 3. g3 Nc6 4. Nf3 b6 5. Bg2 d5 6. O-O Be7 7.
Nc3 O-O 8. Bg5 Bb7 9. Re1 h6 10. Bxf6 Bxf6 11. e3 Rb8 12. Nd2 Ne7 13. Rc1 Qd7
14. b4 Ng6 15. b5 Be7 16. cxd5 exd5 17. Qb3 Rfd8 18. a4 Qd6 19. Red1 Nf8 20.
Rc2 Rbc8 21. Rdc1 c6 22. bxc6 Bxc6 23. Nb5 Qd7 24. Nf3 Bxb5 25. Qxb5 Qxb5 26.
axb5 Rxc2 27. Rxc2 Ne6 28. Ne5 Kf8 29. Nc6 Rd7 30. Ra2 Bf6 31. Rxa7 Rxa7 32.
Nxa7 Nc7 33. Nc8 Nxb5 34. Nxb6 Ke8 35. Nxd5 Bd8 36. h4 Kd7 37. Kf1 Kd6 38. Ke2
Na7 39. Nc3 Nc8 40. e4 f6 41. f4 Ba5 42. e5+ fxe5 43. fxe5+ Ke7 44. Nd5+ Ke6
45. Nf4+ Ke7 46. d5 Bc7 47. Bh3 Nb6 48. d6+ Bxd6 49. exd6+ Kxd6 50. Ne6 g6 51.
Nf8 Ke7 52. Nxg6+ Kf6 53. Nf4 Nc4 54. Kf3 Ne5+ 55. Ke4 Nf7 56. g4 Nd6+ 57. Kd5
Ne8 58. Ne6 Kg6 59. g5 hxg5 60. hxg5 Nc7+ 61. Nxc7 Kxg5 62. Ke5 Kh4 63. Bf5 Kg3
64. Nd5 Kf3 65. Nf4 Ke3 66. Be4 Kf2 67. Nd3+ Ke3 68. Nb4 Ke2 69. Kd4 Kf2 70.
Kd3 Kg3 71. Ke3 Kg4 72. Nd5 Kg5 73. Kf3 Kh6 74. Kg4 Kg7 75. Bf5 Kh6 76. Be6 Kg6
77. Kf4 Kh6 78. Kf5 Kg7 79. Nf6 Kf8 80. Nd5 Kg7 81. Ne7 Kf8 82. Kf6 Ke8 83. Nc6
Kf8 84. Bd7 Kg8 85. Ne7+ Kf8 86. Ng6+ Kg8 87. Be6+ Kh7 88. Bf7 Kh6 89. Ne7 Kh7
90. Bg6+ Kh8 91. Nc6 Kg8 92. Nd4 Kf8 93. Ne6+ Kg8 94. Be8 Kh7 95. Nf4 Kh6 96.
Ne6 Kh7 97. Ng7 Kh6 98. Nf5+ Kh7 99. Bg6+ Kg8 100. Nh6+ Kf8 101. Nf5 Kg8 102.
Bf7+ Kf8 103. Ke6 1/2-1/2

[Event "4NCL Division Three West"]
[Site "Daventry, ENG"]
[Date "2023.03.19"]
[Round "8.51"]
[White "Madden, Paul"]
[Black "Valentine, Brian J"]
[Result "1-0"]
[WhiteElo "2100"]
[BlackElo "1917"]
[PlyCount "71"]
[EventDate "2023.03.19"]
[WhiteTeam "Ashfield 1"]
[BlackTeam "MK Phoenix 2"]

1. e4 e5 2. Nf3 Nc6 3. Bb5 a6 4. Ba4 Nf6 5. O-O b5 6. Bb3 Bc5 7. d3 d6 8. h3 h6
9. a4 Rb8 10. axb5 axb5 11. Re1 O-O 12. c3 Re8 13. d4 Bb6 14. Bc2 Bd7 15. Be3
exd4 16. cxd4 Nb4 17. Nbd2 c5 18. Bb1 c4 19. d5 Bxe3 20. Rxe3 Ra8 21. Rxa8 Qxa8
22. b3 cxb3 23. Nxb3 Qa4 24. Qd4 Rc8 25. Ne1 Be8 26. Kh2 Rc4 27. Qb2 Kf8 28.
Nd2 Rc8 29. Ra3 Qd1 30. Ndf3 Rc1 31. Qxb4 Rxb1 32. Qxd6+ Kg8 33. e5 Qxd5 34.
Qb8 Qe6 35. exf6 gxf6 36. Re3 1-0

[Event "4NCL Division Three West"]
[Site "Daventry, ENG"]
[Date "2023.03.19"]
[Round "8.52"]
[White "Smith, Graham"]
[Black "Mossong, Hubert"]
[Result "1-0"]
[WhiteElo "1870"]
[BlackElo "2052"]
[PlyCount "101"]
[EventDate "2023.03.19"]
[WhiteTeam "MK Phoenix 2"]
[BlackTeam "Ashfield 1"]

1. e4 d6 2. d4 Nf6 3. Nc3 c6 4. Nf3 Bg4 5. h3 Bh5 6. g4 Bg6 7. Qe2 Qa5 8. Bd2
e5 9. h4 h5 10. g5 Nfd7 11. Bh3 Qb6 12. dxe5 dxe5 13. O-O-O Be7 14. Be3 Qc7 15.
Qc4 O-O 16. Nb5 Qa5 17. Bxd7 Nxd7 18. Rxd7 cxb5 19. Qd5 Qb4 20. Nd2 Rfe8 21. f3
b6 22. a3 Qa4 23. Rxe7 b4 24. Rxe8+ Rxe8 25. Qb3 Qb5 26. Qc4 Qd7 27. Qxb4 Rc8
28. Qb3 Kh7 29. Kb1 b5 30. Qd3 Qc7 31. Rc1 a6 32. c4 f6 33. Rc3 Rd8 34. cxb5
Qe7 35. Qc2 axb5 36. Rc7 Rd7 37. Rxd7 Qxd7 38. gxf6 gxf6 39. Nb3 f5 40. Nc5 Qf7
41. Qd3 fxe4 42. fxe4 Qf3 43. Bg5 Qxd3+ 44. Nxd3 Bxe4 45. Kc2 Kg6 46. Kd2 Kf5
47. Ke3 Bc6 48. Nc5 Be8 49. b3 Bc6 50. a4 bxa4 51. bxa4 1-0

[Event "4NCL Division Three West"]
[Site "Daventry, ENG"]
[Date "2023.03.19"]
[Round "8.53"]
[White "Coates, David H"]
[Black "Obi, Okwose Marc"]
[Result "1/2-1/2"]
[WhiteElo "2013"]
[BlackElo "1744"]
[PlyCount "34"]
[EventDate "2023.03.19"]
[WhiteTeam "Ashfield 1"]
[BlackTeam "MK Phoenix 2"]

1. d4 d5 2. c4 e6 3. Nc3 f5 4. g3 c6 5. Bg2 Nf6 6. Nf3 Bd6 7. O-O O-O 8. Qc2
Nbd7 9. Bf4 Bxf4 10. gxf4 Ne4 11. e3 Rf6 12. Ne5 Rh6 13. f3 Nxc3 14. Qxc3 Nxe5
15. fxe5 Qh4 16. h3 Qg3 17. Kh1 Rxh3+ 1/2-1/2

[Event "4NCL Division Three West"]
[Site "Daventry, ENG"]
[Date "2023.03.19"]
[Round "8.54"]
[White "Whiteside, Robert"]
[Black "Truman, Richard G"]
[Result "0-1"]
[WhiteElo "1813"]
[BlackElo "2005"]
[PlyCount "40"]
[EventDate "2023.03.19"]
[WhiteTeam "MK Phoenix 2"]
[BlackTeam "Ashfield 1"]

1. e4 e5 2. Nf3 Nc6 3. Bb5 a6 4. Ba4 Nf6 5. O-O Be7 6. Re1 b5 7. Bb3 O-O 8. a4
b4 9. c3 Rb8 10. d4 bxc3 11. bxc3 exd4 12. cxd4 d5 13. e5 Ne4 14. Bc2 Bg4 15.
Be3 Nb4 16. Nbd2 Nc3 17. Bxh7+ Kxh7 18. Ng5+ Bxg5 19. Qxg4 Bxe3 20. Qh5+ Bh6
0-1

[Event "4NCL Division Three West"]
[Site "Daventry, ENG"]
[Date "2023.03.19"]
[Round "8.55"]
[White "Naylor-Eade, Michael A"]
[Black "Shaw, John S"]
[Result "1/2-1/2"]
[WhiteElo "1970"]
[BlackElo "1664"]
[PlyCount "85"]
[EventDate "2023.03.19"]
[WhiteTeam "Ashfield 1"]
[BlackTeam "MK Phoenix 2"]

1. e4 c5 2. Nf3 Nc6 3. d4 cxd4 4. Nxd4 Nf6 5. Nc3 e5 6. Ndb5 d6 7. Bg5 a6 8.
Na3 b5 9. Bxf6 gxf6 10. Nd5 Be6 11. c3 Bg7 12. Nc2 f5 13. Qh5 Bxd5 14. exd5 Ne7
15. Qg5 Rg8 16. Qh5 Qd7 17. Nb4 Qb7 18. O-O-O e4 19. Nc6 Nxc6 20. dxc6 Qxc6 21.
Qxh7 Kf8 22. Qxf5 Be5 23. Kb1 Rc8 24. Rc1 Rg6 25. Qh3 Rf6 26. Rc2 d5 27. Qh5
Qc7 28. g3 d4 29. Bh3 d3 30. Qh8+ Ke7 31. Qxc8 dxc2+ 32. Kxc2 Rxf2+ 33. Kb1
Qxc8 34. Bxc8 b4 35. Bxa6 bxc3 36. bxc3 Bxc3 37. Bc4 f5 38. Rf1 Rxh2 39. Rxf5
Rg2 40. Rf4 Rxg3 41. Rxe4+ Kd6 42. Kc2 Ba5 43. Be2 1/2-1/2

[Event "4NCL Division Three West"]
[Site "Daventry, ENG"]
[Date "2023.03.19"]
[Round "8.56"]
[White "Webber, David"]
[Black "Walentowicz, Stefan"]
[Result "0-1"]
[WhiteElo "1558"]
[BlackElo "1909"]
[PlyCount "54"]
[EventDate "2023.03.19"]
[WhiteTeam "MK Phoenix 2"]
[BlackTeam "Ashfield 1"]

1. Nf3 d5 2. d4 c5 3. Bf4 Nc6 4. e3 Nf6 5. Nbd2 e6 6. Ne5 cxd4 7. Nxc6 bxc6 8.
exd4 Bd6 9. Bg3 O-O 10. Bh4 e5 11. Nb3 Re8 12. Be2 exd4 13. Nxd4 Ba6 14. O-O
Bxe2 15. Nxe2 Re4 16. g3 h6 17. Bxf6 Qxf6 18. Qd3 Rae8 19. Nc3 R4e7 20. Qa6 Be5
21. Qa3 Bd4 22. Nd1 Re2 23. c3 Bb6 24. Ne3 Qf3 25. Rae1 R8xe3 26. Rxe2 Rxe2 27.
c4 Bxf2+ 0-1

[Event "4NCL Division Three West"]
[Site "Daventry, ENG"]
[Date "2023.03.19"]
[Round "8.61"]
[White "Grillage, Andrew"]
[Black "Sanitt, Ethan"]
[Result "0-1"]
[WhiteElo "1958"]
[BlackElo "2096"]
[PlyCount "78"]
[EventDate "2023.03.19"]
[WhiteTeam "Shropshire & Friends"]
[BlackTeam "Barnet Knights B"]

1. d4 Nf6 2. Nf3 c5 3. d5 b5 4. Bg5 Qb6 5. c4 bxc4 6. Bxf6 exf6 7. Qc2 g6 8. e4
Bh6 9. Bxc4 d6 10. O-O O-O 11. Nbd2 Nd7 12. Rfe1 Ne5 13. Bf1 Rb8 14. b3 Re8 15.
Nxe5 fxe5 16. Nc4 Qc7 17. Bd3 Kh8 18. Ne3 Qe7 19. Nc4 Rf8 20. Rab1 Bd7 21. a3
f5 22. b4 cxb4 23. Rxb4 fxe4 24. Bxe4 Rxb4 25. axb4 Rc8 26. Qa2 Ba4 27. Nd2 Qc7
28. Nf3 a6 29. Qb1 Kg7 30. h4 Qc3 31. h5 Rc4 32. hxg6 Rxb4 33. Qa1 hxg6 34. Nh4
Bg5 35. Nf3 Bd8 36. Re3 Qb2 37. Nd2 Bc7 38. Nf1 Bb6 39. Re2 Qd4 0-1

[Event "4NCL Division Three West"]
[Site "Daventry, ENG"]
[Date "2023.03.19"]
[Round "8.62"]
[White "Badacsonyi, Stanley"]
[Black "Higgie, Charles L"]
[Result "0-1"]
[WhiteElo "2143"]
[BlackElo "1915"]
[PlyCount "82"]
[EventDate "2023.03.19"]
[WhiteTeam "Barnet Knights B"]
[BlackTeam "Shropshire & Friends"]

1. d4 Nf6 2. Nc3 d5 3. Bf4 Bf5 4. e3 e6 5. Nf3 Bd6 6. Ne5 Nbd7 7. h3 Ne4 8.
Nxd7 Nxc3 9. bxc3 Qxd7 10. Bxd6 Qxd6 11. Rb1 b6 12. Bd3 Bxd3 13. Qxd3 O-O 14.
O-O c5 15. e4 dxe4 16. Qxe4 Rac8 17. Rfd1 Rfd8 18. dxc5 Qxc5 19. Rxd8+ Rxd8 20.
Qb7 Qa3 21. Qc7 Rf8 22. Rd1 Qxa2 23. Rd8 g6 24. Rxf8+ Kxf8 25. Qd8+ Kg7 26.
Qd4+ f6 27. Qd7+ Kh6 28. Qd2+ g5 29. Qd6 Kg6 30. Qd7 e5 31. Qd3+ Kg7 32. c4
Qa1+ 33. Kh2 Qd4 34. Qa3 Qd7 35. g3 a5 36. h4 gxh4 37. gxh4 Qd4 38. Qe7+ Kg6
39. Qe8+ Kf5 40. Qh5+ Kf4 41. Qh6+ Kf3 0-1

[Event "4NCL Division Three West"]
[Site "Daventry, ENG"]
[Date "2023.03.19"]
[Round "8.63"]
[White "Taylor, Robert K"]
[Black "Ethelontis, Alexandros N"]
[Result "1/2-1/2"]
[WhiteElo "1909"]
[BlackElo "2022"]
[PlyCount "64"]
[EventDate "2023.03.19"]
[WhiteTeam "Shropshire & Friends"]
[BlackTeam "Barnet Knights B"]

1. e4 e6 2. d4 d5 3. Nc3 Bb4 4. e5 c5 5. Bd2 Nh6 6. Nf3 cxd4 7. Nb5 Bxd2+ 8.
Qxd2 O-O 9. Bd3 Nc6 10. O-O f6 11. exf6 Qxf6 12. Ng5 Nf5 13. Nc7 Rb8 14. Rae1
e5 15. Nxd5 Qd8 16. Nb4 Qf6 17. Nxc6 bxc6 18. Nf3 Rxb2 19. Rxe5 Nd6 20. Rfe1
Bf5 21. Bxf5 Nxf5 22. Re6 Qd8 23. Rxc6 Qd5 24. Ra6 Rxa2 25. c4 Rxd2 26. cxd5
Rb2 27. Rxa7 d3 28. Ra3 d2 29. Rd1 Rc8 30. Kf1 Nd6 31. Rxd2 Rb1+ 32. Ke2 Nc4
1/2-1/2

[Event "4NCL Division Three West"]
[Site "Daventry, ENG"]
[Date "2023.03.19"]
[Round "8.65"]
[White "Bryant, Richard B E"]
[Black "Sainbayar, Tserendorj"]
[Result "1-0"]
[WhiteElo "1837"]
[BlackElo "1952"]
[PlyCount "67"]
[EventDate "2023.03.19"]
[WhiteTeam "Shropshire & Friends"]
[BlackTeam "Barnet Knights B"]

1. e4 e6 2. d4 c5 3. d5 a6 4. c4 g6 5. Nc3 Bg7 6. Nf3 d6 7. Bg5 f6 8. Bd2 e5 9.
Be2 Ne7 10. a4 a5 11. h4 Bg4 12. Qc1 h6 13. Bf1 Na6 14. Nh2 Bd7 15. Nb5 Bxb5
16. axb5 Nb4 17. h5 g5 18. g4 O-O 19. Be2 Qd7 20. Nf1 f5 21. exf5 Nxf5 22. gxf5
Qxf5 23. Ne3 Qxf2+ 24. Kd1 b6 25. Ra3 Rae8 26. Rf1 Qh2 27. Nf5 Nd3 28. Rxd3 Rf6
29. Nxg7 Rxf1+ 30. Bxf1 Kxg7 31. Bxg5 hxg5 32. Qxg5+ Kf7 33. Qg6+ Ke7 34. Qe6+
1-0

[Event "4NCL Division Three West"]
[Site "Daventry, ENG"]
[Date "2023.03.19"]
[Round "8.66"]
[White "Hung, Jake"]
[Black "Bailey, Adrian"]
[Result "1/2-1/2"]
[WhiteElo "1834"]
[BlackElo "1654"]
[PlyCount "68"]
[EventDate "2023.03.19"]
[WhiteTeam "Barnet Knights B"]
[BlackTeam "Shropshire & Friends"]

1. c4 Nf6 2. g3 g6 3. Bg2 Bg7 4. Nc3 O-O 5. h4 c6 6. e4 d6 7. Nge2 e5 8. O-O
Bg4 9. d3 Nbd7 10. Be3 Qa5 11. a3 Rfb8 12. f3 Be6 13. b4 Qc7 14. Rb1 a5 15. Qd2
axb4 16. axb4 d5 17. cxd5 cxd5 18. exd5 Nxd5 19. Nxd5 Bxd5 20. Rfc1 Qd6 21. d4
exd4 22. Bxd4 Ra2 23. Rb2 Bxd4+ 24. Qxd4 Rxb2 25. Qxb2 Be6 26. Qd4 Qxd4+ 27.
Nxd4 Bd5 28. f4 Nf6 29. Rc7 Bxg2 30. Kxg2 Nd5 31. Rd7 Nxb4 32. Nb5 Nc6 33. g4
b6 34. Rd6 Nd8 1/2-1/2

[Event "4NCL Division Three West"]
[Site "Warwick, ENG"]
[Date "2023.04.29"]
[Round "9.11"]
[White "Jogstad, Martin"]
[Black "Shaw, Peter"]
[Result "1-0"]
[WhiteElo "2403"]
[BlackElo "2079"]
[PlyCount "109"]
[EventDate "2023.04.29"]
[WhiteTeam "CSC/Kingston 1"]
[BlackTeam "Chessable White Rose 3"]

1. c4 f5 2. d4 e6 3. Nf3 Nf6 4. Bf4 b6 5. e3 Bb7 6. Be2 Be7 7. h3 Ne4 8. Nbd2
d6 9. O-O Nd7 10. Nxe4 fxe4 11. Nd2 O-O 12. Bg4 e5 13. dxe5 Nxe5 14. Bxe5 dxe5
15. Nb1 Qxd1 16. Rxd1 Rfd8 17. Nc3 Bb4 18. Be6+ Kf8 19. Bd5 c6 20. Bxe4 Bxc3
21. bxc3 h6 22. a4 Ke7 23. a5 Rxd1+ 24. Rxd1 Rd8 25. Rb1 Kd6 26. axb6 axb6 27.
Rxb6 Kc7 28. Rb1 Ra8 29. Bc2 Ra2 30. Bb3 Rd2 31. Kf1 c5 32. Ke1 Rd3 33. Ke2 Rd8
34. f3 Bc6 35. Bc2 Ra8 36. h4 Ra2 37. Kd3 e4+ 38. fxe4 Bxe4+ 39. Kxe4 Rxc2 40.
Kd5 Rxg2 41. Rf1 g5 42. Rf7+ Kd8 43. Rh7 gxh4 44. Rxh6 Rh2 45. Kxc5 h3 46. Kb6
Rh1 47. Rh7 h2 48. c5 Ke8 49. Kc7 Kf8 50. c6 Kg8 51. Rh3 Kf7 52. Kc8 Rc1 53.
Rxh2 Rxc3 54. c7 Rxe3 55. Rb2 1-0